000 01392nam a2200301 a 4500
001 60027
003 BD-RjUL
005 20211209080809.0
008 161228s2007 bg ||||| ||||o000 0 ben d
020 _a9840745905
_c: Tk 360.00
035 _a(BD-RjUL)60151
040 _aBD-RjUL
_bben
_cBD-RjUL
041 _aben
082 _223
_a615.53203
_bCLD 2007
100 _aক্লার্ক, জন হেনরি
_9181597
245 0 0 _aএ ডিকশনারি অব প্র্যাক্টিক্যাল মেটেরিয়া মেডিকা /
_cজন হেনরি ক্লার্ক, অনুবাদ মো. আয়েন উদ্দিন বিশ্বাস
260 _aঢাকা :
_bবাংলা একাডেমী ,
_c২০০৭.
300 _a খন্ড ;
_c২৩ সেমি.
490 _vবা/এ ;
_a৪৫৮১ (V-1)
505 0 _aখন্ড ১ --
650 _aমেটেরিয়া মেডিকা
_vঅভিধান
_9181598
650 _aMeteria medica.
_vDictionaries
_9181599
650 _aহোমিওপ্যাথী
_vঅভিধান
_9176641
650 _aHomeopathy
_vDictionaries
_9181606
700 _aবিশ্বাস, মোঃ আয়েন উদ্দিন, অনুবাদক
_9178612
830 _aবা/এ ;
_v৪৫৮১ (V-1)
_9181607
942 _2ddc
_cREF
999 _c60027
_d60027